Normal view
MARC view
- التميمي، عبدالفتاح/ م مشارك عماد ابو عيد
Entry Personal Name
001 - CONTROL NUMBER
- control field: 29744
003 - CONTROL NUMBER IDENTIFIER
- control field: JO-AjAnu
005 - DATE AND TIME OF LATEST TRANSACTION
- control field: 20230606075027.0
008 - FIXED-LENGTH DATA ELEMENTS
- fixed length control field: 230606|| aca||aabn | a|a d
040 ## - CATALOGING SOURCE
- Original cataloging agency: JO-AjAnu
- Transcribing agency: JO-AjAnu
100 ## - HEADING--PERSONAL NAME
- Personal name: التميمي، عبدالفتاح/ م مشارك عماد ابو عيد
670 ## - SOURCE DATA FOUND
- Source citation: Work cat.: (JO-AjAnu)15274: التميمي، عبدالفتاح/ م مشارك عماد ابو عيد , author, شبكات الحاسوب والانترنت خطوة......خطوة